|
|
|
|
| LEADER |
00000nam a2200000 a 4500 |
| 001 |
vtls001382030 |
| 003 |
SK-MaSNL |
| 005 |
20260301161410.0 |
| 008 |
251117s1999 xo a r y slo |
| 015 |
|
|
|a SNBA2000/04-01237
|
| 020 |
|
|
|a 8022712612
|
| 035 |
|
|
|a SNK000336066
|
| 035 |
|
|
|a urn:nbn:sk:snk-amyehx
|
| 035 |
|
|
|a urn:nbn:sk:snk-am00chj5
|
| 035 |
|
|
|a EF7D523A-7BA9-4F3C-8FE2-19EB4D306C4A
|
| 040 |
|
|
|a SNK
|b slo
|c SNK
|e AACR2
|
| 041 |
0 |
|
|a slo
|
| 044 |
|
|
|a xo
|c SK
|
| 080 |
|
|
|a 621.9.01(075.8)
|2 1981
|
| 245 |
0 |
|
|a Teória obrábania
|c Ján Békés ... [et al.]
|
| 260 |
|
|
|a V Bratislave
|b Slovenská technická univerzita
|c 1999
|
| 300 |
|
|
|a 157 s.
|b sch.
|c 29 cm
|
| 490 |
1 |
|
|a Edícia skrípt
|
| 500 |
|
|
|a 150 výt.
|
| 504 |
|
|
|a Bibliogr. s. 151
|
| 650 |
0 |
7 |
|a výroba strojárska
|x technológie
|2 SNK
|9 524354
|
| 650 |
0 |
7 |
|a strojárstvo
|x obrábanie
|x teória
|2 SNK
|9 524355
|
| 655 |
|
7 |
|a Textbooks (higher)
|2 SNKPHeng
|9 276436
|
| 655 |
|
7 |
|a učebnice vysokých škôl
|2 SNKPH
|9 70191
|
| 700 |
1 |
|
|a Békés, Ján,
|d 1925-2014
|4 aut
|9 192204
|
| 700 |
1 |
|
|a Hrubec, Ján,
|d 1922-2013
|4 aut
|9 211663
|
| 700 |
1 |
|
|a Kicko, Juraj,
|d 1949-1999
|4 aut
|9 231117
|
| 700 |
1 |
|
|a Lipa, Zdenko,
|d 1944-
|4 aut
|9 213055
|
| 752 |
|
|
|d Bratislava
|
| 810 |
2 |
|
|a Slovenská technická univerzita v Bratislave.
|b Materiálovotechnologická fakulta v Trnave
|t Edícia skrípt
|9 224096
|
| 919 |
|
|
|a 80-227-1261-2
|
| 958 |
|
|
|a TL
|
| 958 |
|
|
|a UV
|
| 958 |
|
|
|a NB
|
| 999 |
|
|
|c 809305
|d 811235
|
| 952 |
|
|
|t P60, <03>, [BOOK], {603}
|a SNK
|b SNK
|y PREZ
|7 0
|p 17A0226684
|o snkSB 61390
|i snkKSP 1488/2000
|0 0
|1 0
|4 0
|d 2000-02-03
|f 1
|l 0
|r 2025-04-15 00:00:00
|w 2026-02-24
|
| 952 |
|
|
|t P60, <04>, [BOOK], {604}
|a SNK
|b SNK
|y VYP
|7 0
|p 17A0226685
|o snkSB 61390 D1
|i snkKSP 1489/2000
|0 0
|1 0
|4 0
|d 2000-02-03
|l 0
|r 2005-01-02 00:00:00
|w 2026-02-24
|